| 000 | 01190nam a2200241 a 4500 | ||
|---|---|---|---|
| 001 | 000263793 | ||
| 003 | AM-YeHGA | ||
| 005 | 20250617125331.0 | ||
| 008 | 030919s1994 ||| r 000 0 rus d | ||
| 020 | _a5343011756 | ||
| 040 | _aAM-YeHGA | ||
| 100 | 1 | _aПродан, Евгений Аркадьевич | |
| 245 | 1 | 0 |
_aСтабильность и реакционная способность фосфорных солей / _cЕ.А. Продан, В.В. Самускевич ; Науч. ред.: И.Н. Ермоленко ; АН Беларуси. Ин-т общ. и неорганич. химии. |
| 260 |
_aМинск : _bНавука i тэхнiка, _c1994. |
||
| 300 |
_a235 с. _bил. |
||
| 504 | _aБиблиогр. : с. 161-184 | ||
| 650 | 1 | 4 |
_aНеорганическая химия _xФосфорные соли и фосфатные материалы |
| 700 | 1 | _aСамускевич, Валерий Владимирович | |
| 700 | 1 |
_aЕрмоленко, И.Н. _eред. _4edt |
|
| 710 | 2 | _aАкадемия наук Беларуси | |
| 710 | 2 | _aИнститут общей и неорганической химии АН Беларуси | |
| 090 | _c96978 | ||
| 999 |
_c95675 _d95675 |
||